ბათუმის შოთა რუსთაველის სახელმწიფო უნივერსიტეტის ბიბლიოთეკა

Radiology 101 : (ბიბ.ჩანაწერი № 57430)

000 -LEADER
fixed length control field 00831cam a2200229 i 4500
001 - CONTROL NUMBER
control field 17790649
005 - DATE AND TIME OF LATEST TRANSACTION
control field 20221107120121.0
008 - FIXED-LENGTH DATA ELEMENTS--GENERAL INFORMATION
fixed length control field 130621s2014 paua b 001 0 eng
010 ## - LIBRARY OF CONGRESS CONTROL NUMBER
LC control number 2013025390
020 ## - INTERNATIONAL STANDARD BOOK NUMBER
International Standard Book Number 9781451144574 X
041 ## - LANGUAGE CODE
Language code of text/sound track or separate title eng
080 ## - UNIVERSAL DECIMAL CLASSIFICATION NUMBER
Universal Decimal Classification number 615.849 R-13
245 00 - TITLE STATEMENT
Title Radiology 101 :
Remainder of title basics and fundamentals of imaging /
Statement of responsibility, etc. editors, Wilbur L. Smith, Thomas A. Farrell.
250 ## - EDITION STATEMENT
Edition statement Fourth edition.
264 #1 - PRODUCTION, PUBLICATION, DISTRIBUTION, MANUFACTURE, AND COPYRIGHT NOTICE
Place of production, publication, distribution, manufacture Philadelphia :
Name of producer, publisher, distributor, manufacturer Wolters Kluwer / Lippincott Williams & Wilkins Health,
Date of production, publication, distribution, manufacture, or copyright notice 2014.
300 ## - PHYSICAL DESCRIPTION
Extent 407 pages :
Other physical details illustrations (some color) ;
Dimensions 28 cm.
653 ## - INDEX TERM--UNCONTROLLED
keyword მედიცინა
653 ## - INDEX TERM--UNCONTROLLED
keyword რადიოლოგია
700 1# - ADDED ENTRY--PERSONAL NAME
Personal name Smith, Wilbur L.,
Relator term რედაქტორი
9 (RLIN) 8578
700 1# - ADDED ENTRY--PERSONAL NAME
Personal name Farrell, Thomas A.
Titles and other words associated with a name
Relator term რედაქტორი
9 (RLIN) 8579
942 ## - ADDED ENTRY ELEMENTS (KOHA)
Source of classification or shelving scheme
Koha item type წიგნი
ეგზემპლარები
Withdrawn status Lost status Source of classification or shelving scheme Damaged status Not for loan Permanent Location Current Location Shelving location Date acquired Cost, normal purchase price Full call number Barcode Date last seen Copy number Price effective from Koha item type Public note
          ბათუმის შოთა რუსთაველის სახელმწიფო უნივერსიტეტის მთავარი ბიბლიოთეკა ბათუმის შოთა რუსთაველის სახელმწიფო უნივერსიტეტის მთავარი ბიბლიოთეკა წიგნსაცავი 2020-06-18 241.00 615.849 R-13 60626 2020-06-18 60626 2020-06-18 წიგნი 241 ლ.